Spell the Marvel Hero #86 - Statistics

General Stats
  • This quiz has been taken 13 times
  • The average score is 7 of 9
Answer Stats
Picture Answer % Correct
Old Man Logan
100%
Outlaw
100%
Lockheed
92%
Sentry
83%
Colossus
75%
Ursa Major
67%
Shuri
58%
Speedball
58%
Crystal
50%
No matching quizzes found
Score Distribution
Percent of People with Each Score
Percentile by Number Answered
Your Score History
You have not taken this quiz